| 000 | 00815nam a2200241 a 4500 | ||
|---|---|---|---|
| 001 | 43925 | ||
| 003 | BD-RjUL | ||
| 005 | 20211209053754.0 | ||
| 008 | 160629r19771979ai a|||| |||| 00| 0 eng d | ||
| 020 | _a081910714X | ||
| 035 | _a(BD-RjUL)44043 | ||
| 040 |
_aBD-RjUL _beng _cBD-RjUL |
||
| 041 | _aeng | ||
| 082 |
_223 _a371.26 _bSMT 1979 |
||
| 100 | 1 | 0 |
_aSmith Barbara Lee _9134955 |
| 245 | 1 | 0 |
_aTechniques for professional pursuits / _cby Barbara Lee Smith ; edited by Anita L. Hughes, Lynne Brandon. |
| 260 |
_aWashington : _bUniversity Press of America, _cc1979 |
||
| 300 |
_a93 p. : _bill. ; _c21 cm |
||
| 650 |
_aExaminations _vStudy guides _9118019 |
||
| 650 |
_aStudy skills. _9117026 |
||
| 650 |
_aPenmanship _9134956 |
||
| 942 |
_2ddc _cBK |
||
| 999 |
_c43925 _d43925 |
||